<?xml version="1.0" encoding="UTF-8"?>
<record
    xmlns:xsi="http://www.w3.org/2001/XMLSchema-instance"
    xsi:schemaLocation="http://www.loc.gov/MARC21/slim http://www.loc.gov/standards/marcxml/schema/MARC21slim.xsd"
    xmlns="http://www.loc.gov/MARC21/slim">

  <leader>02392nam a2200217 a 4500</leader>
  <controlfield tag="001">000021214</controlfield>
  <controlfield tag="005">20200930011250.0</controlfield>
  <controlfield tag="008">100902s2003    dr            000 0bspa d</controlfield>
  <datafield tag="040" ind1=" " ind2=" ">
    <subfield code="a">DO-SdBNP</subfield>
    <subfield code="b">spa</subfield>
    <subfield code="c">BNPHU</subfield>
  </datafield>
  <datafield tag="082" ind1=" " ind2=" ">
    <subfield code="a">923.77295</subfield>
    <subfield code="b">H831eu</subfield>
  </datafield>
  <datafield tag="245" ind1="0" ind2="0">
    <subfield code="a">Eugenio Mar&#xED;a de Hostos 1839-1903 :</subfield>
    <subfield code="b">homenaje dominicano a su memoria.</subfield>
  </datafield>
  <datafield tag="260" ind1=" " ind2=" ">
    <subfield code="a">Santo Domingo :</subfield>
    <subfield code="b">FERILIBRO,</subfield>
    <subfield code="c">2003.</subfield>
  </datafield>
  <datafield tag="300" ind1=" " ind2=" ">
    <subfield code="a">212 p. ;</subfield>
    <subfield code="c">22 cm.</subfield>
  </datafield>
  <datafield tag="500" ind1=" " ind2=" ">
    <subfield code="a">Incluye referencias bibliogr&#xE1;ficas y notas al pie de las p&#xE1;ginas</subfield>
  </datafield>
  <datafield tag="505" ind1="0" ind2=" ">
    <subfield code="g">Primera parte- Biograf&#xED;a y relaci&#xF3;n</subfield>
    <subfield code="g">Presentaci&#xF3;n --</subfield>
    <subfield code="g">Noticia biogr&#xE1;fica --</subfield>
    <subfield code="g">Noticia biogr&#xE1;fica general hasta 1874--</subfield>
    <subfield code="g">Relaci&#xF3;n y actos de duelo --</subfield>
    <subfield code="g">Resoluci&#xF3;n del Ayuntamiento de Santo Domingo --</subfield>
    <subfield code="t">Actos realizados en honor a la memoria del se&#xF1;or Hostos --</subfield>
    <subfield code="g">Segunda parte-Homenaje de la prensa --</subfield>
    <subfield code="t">De El doctrinario, de Santo Domingo --</subfield>
    <subfield code="t">De El Diario, de Sgo. de los Caballeros --</subfield>
    <subfield code="t">De El Civismo, de Sgo de los Caballeros --</subfield>
    <subfield code="t">De El Eco del Sur, de Azua --</subfield>
    <subfield code="t">De La Concordia, de La Vega --</subfield>
    <subfield code="t">De El Pueblo, de Moca --</subfield>
    <subfield code="t">De La Cuna de Am&#xE9;rica, de Santo Domingo --</subfield>
    <subfield code="t">Del List&#xED;n Diario, de Santo Domingo: M.F. Cestero, Ming A. Garrido, A. Angulo, Teresa R. De Glass y otros --</subfield>
    <subfield code="t">De La Voz Macorisana del Norte: C. F. Moya --</subfield>
    <subfield code="t">De El Pregonero, de Pto Plata: Arm. Rordr&#xED;guez Victoria --</subfield>
    <subfield code="t">Inmortal, por Luisa Ozema Pellerano --</subfield>
    <subfield code="t">Hostos, por Pedro N. Henr&#xED;quez Ure&#xF1;a --</subfield>
    <subfield code="t">Homenaje, (poes&#xED;a), por J. F. Mej&#xED;a --</subfield>
    <subfield code="t">A su memoria (poes&#xED;a) por Apolinar Perdomo --</subfield>
    <subfield code="t">E. M. Hostos, por M. de J. Rodr&#xED;guez B. --</subfield>
    <subfield code="t">Hostos, por Max A. Henr&#xED;quez Ure&#xF1;a --</subfield>
    <subfield code="g">Tercera parte- Ofrendas literarias --</subfield>
    <subfield code="t">Salve, por Mercedes Laura Aguiar--</subfield>
    <subfield code="t">Hostos, por J. E. Bu&#xF1;ols --</subfield>
    <subfield code="t">Voto, por Cro. N. De Moya --</subfield>
    <subfield code="t">Dolor, (poes&#xED;a), por Valent&#xED;n Gir&#xF3; --</subfield>
    <subfield code="t">Inmortal, por Carmen L. De Mennier --</subfield>
    <subfield code="t">E. M. Hostos, por J.R. Aristy --</subfield>
    <subfield code="t">E. M. Hostos, por R.O. Lovat&#xF3;n --</subfield>
    <subfield code="t">In memoriam, por F&#xE9;lix E. Mej&#xED;a --</subfield>
    <subfield code="t">E. M. Hostos, Pelegr&#xED;n I. Castillo --</subfield>
    <subfield code="t">E.M. Hostos, por Mariano A Cestero --</subfield>
    <subfield code="t">Eugenio M. Hostos, por Gast&#xF3;n F. Deligne --</subfield>
    <subfield code="t">Hostos, por Fed. Henr&#xED;quez y Carvajal --</subfield>
    <subfield code="t">Ultimas ofrendas</subfield>
  </datafield>
  <datafield tag="590" ind1=" " ind2=" ">
    <subfield code="a">Inventariado, 2020/VM</subfield>
  </datafield>
  <datafield tag="600" ind1="1" ind2="4">
    <subfield code="a">HOSTOS Y BONILLA, EUGENIO MAR&#xCD;A DE,</subfield>
    <subfield code="d">1839-1903</subfield>
    <subfield code="v">CORRESPONDENCIAS, MEMORIAS, ETC.</subfield>
    <subfield code="9">44341</subfield>
  </datafield>
  <datafield tag="600" ind1="1" ind2="4">
    <subfield code="a">HOSTOS Y BONILLA, EUGENIO MAR&#xCD;A DE,</subfield>
    <subfield code="d">1839-1903</subfield>
    <subfield code="x">HISTORIA Y CR&#xCD;TICA</subfield>
    <subfield code="9">44342</subfield>
  </datafield>
  <datafield tag="650" ind1=" " ind2="4">
    <subfield code="a">Intelectuales</subfield>
    <subfield code="z">Puerto Rico</subfield>
    <subfield code="9">1002</subfield>
  </datafield>
  <datafield tag="910" ind1=" " ind2=" ">
    <subfield code="a">Validado. Control de calidad MMOLINA</subfield>
  </datafield>
  <datafield tag="952" ind1=" " ind2=" ">
    <subfield code="0">0</subfield>
    <subfield code="1">0</subfield>
    <subfield code="5">4</subfield>
    <subfield code="7">0</subfield>
    <subfield code="8">DS</subfield>
    <subfield code="a">GR</subfield>
    <subfield code="b">GR</subfield>
    <subfield code="c">HD</subfield>
    <subfield code="d">2013-07-11</subfield>
    <subfield code="i">LF1</subfield>
    <subfield code="l">0</subfield>
    <subfield code="o">923.77295 H831e</subfield>
    <subfield code="p">21214-30</subfield>
    <subfield code="r">2020-06-25</subfield>
    <subfield code="t">e.3</subfield>
    <subfield code="w">2020-06-25</subfield>
    <subfield code="y">LFDS</subfield>
    <subfield code="Z">Pr&#xE9;stamo en sala</subfield>
  </datafield>
  <datafield tag="952" ind1=" " ind2=" ">
    <subfield code="0">0</subfield>
    <subfield code="1">0</subfield>
    <subfield code="5">4</subfield>
    <subfield code="7">0</subfield>
    <subfield code="8">DS</subfield>
    <subfield code="a">GR</subfield>
    <subfield code="b">GR</subfield>
    <subfield code="c">HD</subfield>
    <subfield code="d">2013-07-11</subfield>
    <subfield code="i">LF1</subfield>
    <subfield code="l">0</subfield>
    <subfield code="o">923.77295 H831e</subfield>
    <subfield code="p">21214-40</subfield>
    <subfield code="r">2020-06-25</subfield>
    <subfield code="t">e.4</subfield>
    <subfield code="w">2020-06-25</subfield>
    <subfield code="y">LFDS</subfield>
    <subfield code="Z">Pr&#xE9;stamo en sala</subfield>
  </datafield>
  <datafield tag="952" ind1=" " ind2=" ">
    <subfield code="0">0</subfield>
    <subfield code="1">1</subfield>
    <subfield code="5">4</subfield>
    <subfield code="7">0</subfield>
    <subfield code="8">DS</subfield>
    <subfield code="a">GR</subfield>
    <subfield code="b">GR</subfield>
    <subfield code="c">MI</subfield>
    <subfield code="d">2013-07-11</subfield>
    <subfield code="i">LF1</subfield>
    <subfield code="l">0</subfield>
    <subfield code="o">923.77295 H831e</subfield>
    <subfield code="p">21214-50</subfield>
    <subfield code="r">2020-06-25</subfield>
    <subfield code="t">e.5</subfield>
    <subfield code="w">2020-06-25</subfield>
    <subfield code="y">LFDS</subfield>
    <subfield code="Z">Pr&#xE9;stamo en sala</subfield>
  </datafield>
  <datafield tag="952" ind1=" " ind2=" ">
    <subfield code="0">0</subfield>
    <subfield code="1">0</subfield>
    <subfield code="7">1</subfield>
    <subfield code="8">PD</subfield>
    <subfield code="a">PD</subfield>
    <subfield code="b">PD</subfield>
    <subfield code="c">HD</subfield>
    <subfield code="d">2010-09-02</subfield>
    <subfield code="i">LF1</subfield>
    <subfield code="l">0</subfield>
    <subfield code="o">923.77295 H831e</subfield>
    <subfield code="p">21214-10</subfield>
    <subfield code="r">2020-06-25</subfield>
    <subfield code="w">2020-06-25</subfield>
    <subfield code="y">LFPD</subfield>
    <subfield code="Z">No se presta</subfield>
  </datafield>
  <datafield tag="952" ind1=" " ind2=" ">
    <subfield code="0">0</subfield>
    <subfield code="1">0</subfield>
    <subfield code="7">1</subfield>
    <subfield code="8">PD</subfield>
    <subfield code="a">PD</subfield>
    <subfield code="b">PD</subfield>
    <subfield code="c">HD</subfield>
    <subfield code="d">2013-04-16</subfield>
    <subfield code="i">LF1</subfield>
    <subfield code="l">0</subfield>
    <subfield code="o">923.77295 H831e</subfield>
    <subfield code="p">21214-20</subfield>
    <subfield code="r">2020-06-25</subfield>
    <subfield code="t">e.2</subfield>
    <subfield code="w">2020-06-25</subfield>
    <subfield code="y">LFPD</subfield>
    <subfield code="Z">No se presta</subfield>
  </datafield>
  <datafield tag="999" ind1=" " ind2=" ">
    <subfield code="c">20715</subfield>
    <subfield code="d">20715</subfield>
  </datafield>
</record>
